| 000 | 00707nam a2200217Ia 4500 | ||
|---|---|---|---|
| 005 | 20260601193252.0 | ||
| 008 | 260601s9999||||xx |||||||||||||| ||und|| | ||
| 020 |
_a978-3-031-64064-3 _qebk |
||
| 100 | _aAnshul Verma | ||
| 245 | 0 | _aAdvanced Network Technologies and Intelligent Computing | |
| 250 | _a2024 | ||
| 260 |
_aHeidelberg, Germany _bSpringer Nature _c2024 |
||
| 440 | _aCommunications in Computer and Information Science | ||
| 650 | _aComputer Science | ||
| 700 | _aIsaac Woungang | ||
| 700 | _aKiran Kumar Pattanaik | ||
| 700 | _aPradeepika Verma | ||
| 700 | _aSanjay Kumar Dhurandher | ||
| 856 | _uhttps://link.springer.com/openurl?genre=book&isbn=978-3-031-64064-3 | ||
| 942 |
_cEB _2ddc |
||
| 999 |
_c56760 _d56760 |
||